Aplikácia informačných a komunikačných technológií

Bibliographic Details
Main Author: Šebo, Miroslav (Author)
Format: Software eBook
Language:Slovak
PhysicalDescription:1 elektronický optický disk (CD-ROM) fareb. 12 cm
Published: V Nitre Pedagogická fakulta UKF v Nitre 2015
ISBN:9788055808406
Subjects:

MARC

LEADER 00000nam a2200000 a 4500
001 vtls010964442
003 SK-MaSNL
005 20260301181043.0
007 co cg auuua
008 240314s2015 xo | fsp 000 0 slo
015 |a SNBS2017 
020 |a 9788055808406  |q (elektronická kniha) 
040 |a SNK  |b slo  |c SNK  |e AACR2 
041 0 |a slo 
044 |a xo  |c SK 
072 7 |a 004  |x Počítačová veda. Výpočtová technika. Informačné technológie  |2 konspekt 
080 |a 004+621.39  |2 2011 
080 |a (075.8)  |2 2011 
080 |a (0.034.44)  |2 2011 
100 1 |a Šebo, Miroslav  |4 aut  |9 299732 
245 1 0 |a Aplikácia informačných a komunikačných technológií  |h elektronický zdroj  |c Miroslav Šebo 
260 |a V Nitre  |b Pedagogická fakulta UKF v Nitre  |c 2015 
300 |a 1 elektronický optický disk (CD-ROM)  |b fareb.  |c 12 cm 
500 |a Názov z titulnej obrazovky 
504 |a Bibliogr. odkazy 
516 |a Textový dokument (učebnica), súbor vo formáte pdf 
536 |a Učebné texty boli vytvorené ako výstup z riešenia projektu ESF: Inovácia študijných programov na Pedagogickej fakulte UKF v Nitre za účelom skvalitnenia vzdelávacieho procesu - č. ITMS 26110230096 
538 |a Technické požiadavky: PDF prehliadač 
650 0 7 |a informačné a komunikačné technológie  |2 SNKPH  |9 81648 
650 0 7 |a Information and communication technology  |2 SNKPHeng  |9 274495 
655 7 |a elektronické zdroje  |2 SNKPH  |9 90954 
655 7 |a CD-ROM  |2 SNKPH  |9 70236 
655 7 |a učebnice vysokých škôl  |2 SNKPH  |9 70191 
655 7 |a Electronic resources  |2 SNKPHeng  |9 175546 
655 7 |a Textbooks (higher)  |2 SNKPHeng  |9 276436 
710 2 |a Univerzita Konštantína Filozofa v Nitre.  |b Pedagogická fakulta  |4 pbl  |9 178350 
752 |a Slovensko  |d Nitra 
919 |a 978-80-558-0840-6 
958 |a NB 
999 |c 848554  |d 850484 
952 |a SNK  |b SNK  |y PREZ  |7 0  |p 17A1173146  |o snkSCDM 7848  |i snk2015/28384  |8 0  |0 0  |1 0  |4 0  |d 2015-10-09  |l 0  |r 2026-02-24 04:33:58  |w 2026-02-24 
952 |t snkAPL 004.7  |a SNKMST  |b SNKMST  |y PREZ  |7 0  |p 17A1173147  |o snkSCDM 7848 D1  |i snk2015/28385  |8 0  |0 0  |1 0  |4 0  |d 2015-10-09  |l 0  |r 2025-08-11 00:00:00  |w 2026-02-24